000 00447nam a22001697a 4500
003 CEME
005 20210628203717.0
008 210317b xxu||||| |||| 00| 0 eng d
020 _a3-211-81952-5
040 _c.
082 _a620.11295 STA'L
100 _aLagarde, A
_966967
245 _aStatic and dynamics photoelascticity and caustics recent development
260 _aNEWYORK
_bSPRINGER VERLAG
_c1987
300 _a522P
942 _cBK
_2ddc
999 _c574826
_d574826